000 01492cac a2200409 i 4500
003 EG-GICUC
005 20260424132129.0
008 260424s1976 mau f b 001 0 eng d
020 _a0395185920
040 _aDLC
_cDLC
_dDLC
_dEG-GICUC
_beng
_erda
041 _aeng
050 0 0 _aHV9960.G7
_bH36 2002
082 0 0 _221
_a343.3
_bWA. C
092 0 4 _221
099 _aLaw 10 343.3 WA. C 1976 1011240 C1
100 1 _aWaldron, Ronald J.
_eAuthor.
245 1 4 _aThe Criminal Justice System An Introduction /
_cby Ronald J. Waldron, Jagdish C. Uppal, Chester L. Quarles, R. Paul Mccauley, Hilary Harper, Robert L. Frazier, James C. Benson, John R. Altemose.
264 _aBoston ;
_aAtlanta ;
_aDallas ;
_aGeneva, Iii ;
_aHopewell, N.j. ;
_aPalo Alto ;
_aLondon
_bHoughton Mifflin Company,
_c1976.
300 _a478 page ;
_c24 cm.
336 _atext
_btxt
_2rdacontent
337 _aunmediated
_bn
_2rdamedia
338 _avolume
_bnc
_2rdacarrier
500 _aIndex Pages : 471-478.
650 1 4 _aCriminal justice,
650 1 4 _aCriminal procedure
650 1 4 _aCriminal law
700 1 _aUppal, Jagdish C.
_eAuthor.
700 1 _aQuarles, Chester L.
_eAuthor.
700 1 _aMccauley, R. Paul
_eAuthor.
700 1 _aHarper, Hilary
_eAuthor.
700 1 _aFrazier, Robert L.
_eAuthor.
700 1 _aBenson, James C.
_eAuthor.
700 1 _aAltemose, John R.
_eAuthor.
856 4 2 _uhttps://fll.law.cu.edu.eg/fulltext/bks/B10-11240pdf
905 _a164
942 _2ddc
_cBK
_e21
_n0
999 _c73277
_d73277